Countries entirely in the southern hemisphere - Statistics

General Stats
  • This quiz has been taken 49 times
    41 since last reset
  • The average score is 30 of 34
Answer Stats
Country Northernmost latitude % Correct
Argentina 21°48′S
97%
Australia 09°08′S
97%
Chile 17°19′S
97%
New Zealand 29°13′S
97%
Paraguay 19°17′S
97%
Bolivia 09°40′S
93%
Madagascar 11°57′S
93%
Mozambique 10°27′S
93%
South Africa 22°20′S
93%
Uruguay 30°05′S
93%
Botswana 17°46′S
90%
Fiji 12°30′S
90%
Mauritius 10°25′S
90%
Namibia 16°56′S
90%
Nauru 00°30′S
90%
Angola 04°24′S
86%
Eswatini 25°44′S
86%
Lesotho 28°34′S
86%
Peru 00°01′S
86%
Samoa 13°25′S
86%
Tanzania 00°59′S
86%
Vanuatu 13°07′S
86%
Zambia 08°12′S
86%
Zimbabwe 15°37′S
86%
Comoros 11°22′S
83%
East Timor 08°7′S
83%
Papua New Guinea 00°52′S
83%
Tuvalu 05°39′S
83%
Burundi 02°18′S
79%
Malawi 09°22′S
79%
Rwanda 01°03′S
79%
Seychelles 03°43′S
79%
Tonga 15°36′S
79%
Solomon Islands 05°13′S
76%
No matching quizzes found
Score Distribution
Percent of People with Each Score
Percentile by Number Answered
Your Score History
You have not taken this quiz since the last reset